Science Quiz

Random Science or Clickable Quiz

Misspelements Quiz Stats

 Plays Quiz Updated Aug 18, 2016

Also try: Periodic Table
Challenge
Share
Tweet
Embed
Score 0/26 Timer 08:00
1 Play Today
% Correct
Tungstan
73.1%
Aluminimum
72.1%
Potasium
71.6%
Antimiony
68.3%
Ceasium
67.8%
Hafnum
65.3%
Nickle
65.1%
Noibium
64.9%
Molydbenum
63.7%
Magnanese
61.5%
Americum
61.4%
Flourine
57.4%
Flervorium
57%
% Correct
Seborgium
55.8%
Hasium
55%
Phophorus
54.2%
Einstenium
53.9%
Kryptonite
52.9%
Darmstadium
52.3%
Berkellium
50.5%
Rhemium
49.8%
Protractinium
48.8%
Dubinium
48.6%
Dyprosium
48.3%
Neodynium
47.9%
Tellerium
39.5%

You're not logged in!

Compare scores with friends on all Sporcle quizzes.
Join for Free
OR
Log In

You Might Also Like...

Show Comments

Extras

Top Quizzes Today


Score Distribution

Your Account Isn't Verified!

In order to create a playlist on Sporcle, you need to verify the email address you used during registration. Go to your Sporcle Settings to finish the process.

Report this User

Report this user for behavior that violates our Community Guidelines.

Details: